[Event "DEM U14 2013"]
[Site "Oberhof GER"]
[Date "2013.05.19"]
[Round "1"]
[White "Baskin, Robert"]
[Black "Nothnagel, Marian Can"]
[Result "1-0"]
[Termination "normal"]
[Board "1"]
[WhiteElo "2157"]
[BlackElo "1785"]
[PlyCount "73"]
[WhiteFideId "24662402"]
[BlackFideId "12921530"]
[EventCountry "GER"]
[EventRounds "9"]
[EventType "swiss"]
[EventDate "2013.05.18"]

1. e4 e5 2. Nf3 Nc6 3. Bb5 a6 4. Ba4 Nf6 5. d3 b5 6. Bb3 Be7 7. a4 b4 8. O-O d6
9. a5 O-O 10. Nbd2 Rb8 11. Bc4 Be6 12. Re1 Qc8 13. c3 bxc3 14. bxc3 h6 15. Qe2
Rd8 16. d4 Bxc4 17. Qxc4 Qb7 18. Rb1 Qa8 19. Rxb8 Rxb8 20. d5 Nd8 21. Qxc7 Rb7
22. Qc4 Rb5 23. Ba3 Nb7 24. Nxe5 Nxa5 25. Qc7 Rb7 26. Qxa5 dxe5 27. Bxe7 Rxe7
28. c4 Qa7 29. c5 Rc7 30. Rc1 Qb7 31. c6 Qc8 32. Qc3 Re7 33. d6 Re6 34. Qc5 Qd8
35. Nc4 Nxe4 36. c7 Qc8 37. d7 1-0

[Event "DEM U14 2013"]
[Site "Oberhof GER"]
[Date "2013.05.19"]
[Round "1"]
[White "Nguyen, Huy Dat"]
[Black "Perske, Thore"]
[Result "0-1"]
[Termination "normal"]
[Board "2"]
[WhiteElo "1814"]
[BlackElo "2158"]
[PlyCount "76"]
[WhiteFideId "12923486"]
[BlackFideId "12902195"]
[EventCountry "GER"]
[EventRounds "9"]
[EventType "swiss"]
[EventDate "2013.05.18"]

1. c4 Nf6 2. Nc3 g6 3. Nf3 Bg7 4. e4 d6 5. d4 O-O 6. Be2 e5 7. Be3 h6 8. dxe5
Ng4 9. Bf4 Nxe5 10. Bxe5 dxe5 11. O-O c6 12. Qxd8 Rxd8 13. Rfd1 Re8 14. c5 Bf8
15. b4 b6 16. Na4 b5 17. Nc3 a5 18. a3 Na6 19. a4 axb4 20. axb5 bxc3 21. bxa6
Bxc5 22. Ra5 Bb4 23. Ra4 c5 24. Ne1 Be6 25. Raa1 Ra7 26. Rdb1 Rb8 27. Nc2 Rb6
28. Ne3 Rd6 29. Rc1 Kg7 30. f3 c4 31. Nxc4 Rdxa6 32. Rxa6 Rxa6 33. Nxe5 Bc5+
34. Kf1 Ra2 35. Nd3 Be3 36. Rxc3 Ra1+ 37. Bd1 Rxd1+ 38. Ke2 Bd4 0-1

[Event "DEM U14 2013"]
[Site "Oberhof GER"]
[Date "2013.05.19"]
[Round "1"]
[White "Vogel, Roven"]
[Black "Rausch, Adrian"]
[Result "1/2-1/2"]
[Termination "normal"]
[Board "3"]
[WhiteElo "2065"]
[BlackElo "1750"]
[PlyCount "84"]
[WhiteFideId "12908088"]
[BlackFideId "12929069"]
[EventCountry "GER"]
[EventRounds "9"]
[EventType "swiss"]
[EventDate "2013.05.18"]

1. Nf3 Nf6 2. d4 e6 3. Bf4 d6 4. Nbd2 Nh5 5. Bg3 Nxg3 6. hxg3 Nc6 7. e4 g6 8.
Bd3 Bg7 9. c3 e5 10. d5 Nb8 11. c4 O-O 12. Qc2 Na6 13. Be2 f5 14. a3 Nc5 15.
Nh4 Bh6 16. Nhf3 Bg7 17. O-O-O a5 18. Bd3 c6 19. Nh4 cxd5 20. cxd5 Bd7 21. Nb3
Ba4 22. Nxc5 Bxc2 23. Ne6 Qc8 24. Bxc2 Rf7 25. exf5 gxf5 26. Kb1 e4 27. f3 Qc4
28. Nxf5 Rxf5 29. Bxe4 Re5 30. Rc1 Qb3 31. Bxh7+ Kf7 32. Rc7+ Kf6 33. Nxg7 Re7
34. Rxe7 Kxe7 35. Be4 b5 36. Nf5+ Kf6 37. Rh6+ Kf7 38. Nxd6+ Ke7 39. Nf5+ Kf7
40. Rh7+ Kf6 41. Rh6+ Kf7 42. Rh7+ Kf6 1/2-1/2

[Event "DEM U14 2013"]
[Site "Oberhof GER"]
[Date "2013.05.19"]
[Round "1"]
[White "Schmekel, Florian"]
[Black "Schröder, Kevin"]
[Result "1/2-1/2"]
[Termination "normal"]
[Board "4"]
[WhiteElo "1570"]
[BlackElo "2046"]
[PlyCount "129"]
[WhiteFideId "12913456"]
[BlackFideId "12929840"]
[EventCountry "GER"]
[EventRounds "9"]
[EventType "swiss"]
[EventDate "2013.05.18"]

1. d4 Nf6 2. c4 g6 3. Nc3 d5 4. cxd5 Nxd5 5. e4 Nxc3 6. bxc3 Bg7 7. Be2 c5 8.
Bb2 Qa5 9. Nf3 cxd4 10. Nxd4 O-O 11. O-O Rd8 12. Qc2 e5 13. Nb3 Qc7 14. Rfd1
Nd7 15. c4 b6 16. Ba3 Bb7 17. Rd2 Nf6 18. f3 Nh5 19. Rad1 Nf4 20. Rxd8+ Rxd8
21. Rxd8+ Qxd8 22. c5 bxc5 23. Bxc5 Qc7 24. Qd1 Bf8 25. Bxf8 Kxf8 26. Bf1 Qb6+
27. Kh1 Kg8 28. Qd2 g5 29. h3 h6 30. Bc4 Qc7 31. Na5 Bc8 32. Bb3 Kg7 33. Nc4
Ne6 34. Qd5 Kf6 35. Nd6 Bd7 36. Nf5 Bc6 37. Qd6 Qxd6 38. Nxd6 Nd4 39. Bc4 Ne6
40. Kg1 h5 41. Kf2 h4 42. Bb5 Nd8 43. Ke3 Ke6 44. Bxc6 Nxc6 45. Nc4 Nd4 46. Kd3
f6 47. Ne3 Kd6 48. Kc4 a6 49. a3 Nc6 50. Nf5+ Kc7 51. Kd5 Kd7 52. Kc5 Na5 53.
a4 Kc7 54. Ne3 Nb7+ 55. Kb4 Kd6 56. Nd5 f5 57. Ne3 fxe4 58. fxe4 Ke6 59. Ng4
Kd6 60. Ne3 Ke6 61. Nd5 Kd6 62. Nb6 Ke6 63. Nc4 Kf6 64. Nb6 Ke6 65. Nc4 1/2-1/2

[Event "DEM U14 2013"]
[Site "Oberhof GER"]
[Date "2013.05.19"]
[Round "1"]
[White "Sawlin, Leonid"]
[Black "Spitzl, Vinzent"]
[Result "1-0"]
[Termination "normal"]
[Board "5"]
[WhiteElo "1952"]
[BlackElo "1806"]
[PlyCount "82"]
[WhiteFideId "4689542"]
[BlackFideId "12901253"]
[EventCountry "GER"]
[EventRounds "9"]
[EventType "swiss"]
[EventDate "2013.05.18"]

1. e4 e5 2. Nf3 Nc6 3. d4 exd4 4. Nxd4 Nf6 5. Nxc6 bxc6 6. e5 Qe7 7. Qe2 Nd5 8.
c4 Nb6 9. Nc3 Qe6 10. Qe4 g6 11. Bd2 d5 12. exd6 cxd6 13. O-O-O Qxe4 14. Nxe4
Bf5 15. Re1 Bxe4 16. Rxe4+ Kd7 17. h4 h5 18. g3 Bg7 19. b3 Rhe8 20. Bg2 f5 21.
Ree1 Bd4 22. f3 Bf2 23. Ref1 Re2 24. f4 Bxg3 25. Bf3 Rf2 26. Rxf2 Bxf2 27. Rh2
Bg3 28. Rg2 Bxh4 29. Rxg6 Re8 30. Bxh5 Re6 31. Rg8 d5 32. Bg6 Kd6 33. Bxf5 Rf6
34. Bd3 dxc4 35. bxc4 Bf2 36. f5 Kc5 37. Rg4 Rd6 38. a3 a5 39. Bxa5 Be3+ 40.
Kc2 Nd5 41. cxd5 Kxd5 1-0

[Event "DEM U14 2013"]
[Site "Oberhof GER"]
[Date "2013.05.19"]
[Round "1"]
[White "Balazs, Balint"]
[Black "Kitze, Alexander"]
[Result "0-1"]
[Termination "normal"]
[Board "6"]
[WhiteElo "1857"]
[BlackElo "1992"]
[PlyCount "46"]
[WhiteFideId "12922757"]
[BlackFideId "12914827"]
[EventCountry "GER"]
[EventRounds "9"]
[EventType "swiss"]
[EventDate "2013.05.18"]

1. e4 c5 2. Nc3 Nc6 3. Nf3 d6 4. d4 cxd4 5. Nxd4 Nf6 6. Bg5 e6 7. Qd2 h6 8. Bh4
Nxe4 9. Bxd8 Nxd2 10. Bb5 Kxd8 11. Nxc6+ bxc6 12. Bxc6 Rb8 13. Kxd2 Rxb2 14.
Nb5 d5 15. a4 Bc5 16. Rhb1 Rxb1 17. Rxb1 a6 18. c4 axb5 19. cxb5 Bb6 20. Kc3
Bd7 21. Kb4 Bxc6 22. bxc6 Kc7 23. Rc1 Rb8 0-1

[Event "DEM U14 2013"]
[Site "Oberhof GER"]
[Date "2013.05.19"]
[Round "1"]
[White "Kollars, Dmitrij"]
[Black "Rinck, Michael"]
[Result "1/2-1/2"]
[Termination "normal"]
[Board "7"]
[WhiteElo "2027"]
[BlackElo "1820"]
[PlyCount "66"]
[WhiteFideId "12909572"]
[BlackFideId "24690104"]
[EventCountry "GER"]
[EventRounds "9"]
[EventType "swiss"]
[EventDate "2013.05.18"]

1. e4 e6 2. d4 d5 3. Nd2 Nf6 4. e5 Nfd7 5. Bd3 c5 6. c3 Nc6 7. Ne2 cxd4 8. cxd4
f6 9. exf6 Nxf6 10. O-O Bd6 11. Nf3 Qc7 12. g3 O-O 13. Bf4 Bd7 14. Rc1 Be8 15.
Bxd6 Qxd6 16. Nf4 Ne4 17. Bxe4 dxe4 18. Ng5 Rxf4 19. gxf4 Nxd4 20. Re1 Qxf4 21.
Qxd4 Qxg5+ 22. Kh1 Bc6 23. Qe3 Qf6 24. b3 Rf8 25. Kg1 Qe7 26. Rxc6 bxc6 27.
Qxe4 Qg5+ 28. Kf1 Qb5+ 29. Qe2 Qxe2+ 30. Rxe2 Kf7 31. Rc2 Rc8 32. Ke2 Ke7 33.
Ke3 e5 1/2-1/2

[Event "DEM U14 2013"]
[Site "Oberhof GER"]
[Date "2013.05.19"]
[Round "1"]
[White "Kololli, Martin"]
[Black "Pallas, Sebastian"]
[Result "1-0"]
[Termination "normal"]
[Board "8"]
[WhiteElo "1816"]
[BlackElo "1897"]
[PlyCount "55"]
[WhiteFideId "12936910"]
[BlackFideId "12905453"]
[EventCountry "GER"]
[EventRounds "9"]
[EventType "swiss"]
[EventDate "2013.05.18"]

1. e4 c5 2. c3 Nf6 3. e5 Nd5 4. d4 cxd4 5. Nf3 d6 6. cxd4 e6 7. a3 Nc6 8. Bd3
Qc7 9. O-O dxe5 10. dxe5 Bc5 11. Qe2 h6 12. Rd1 g5 13. Qe4 Bd7 14. b4 Bb6 15.
Bb2 Nf4 16. Nc3 a6 17. Rac1 Nxd3 18. Rxd3 Rd8 19. b5 Na5 20. Na4 Bxb5 21. Rxc7
Bxd3 22. Re7+ Kxe7 23. Qb4+ Ke8 24. Nxb6 Nc6 25. Qc5 Be4 26. Nd4 f5 27. f3 Bd5
28. Nxf5 1-0

[Event "DEM U14 2013"]
[Site "Oberhof GER"]
[Date "2013.05.19"]
[Round "1"]
[White "Mager, Denis"]
[Black "Herbrig, Alexander"]
[Result "1-0"]
[Termination "normal"]
[Board "9"]
[WhiteElo "2006"]
[BlackElo "1774"]
[PlyCount "165"]
[WhiteFideId "24691127"]
[BlackFideId "12952044"]
[EventCountry "GER"]
[EventRounds "9"]
[EventType "swiss"]
[EventDate "2013.05.18"]

1. d4 Nf6 2. Nf3 e6 3. e3 d5 4. Bd3 Be7 5. O-O O-O 6. Nbd2 Nbd7 7. b3 b6 8. Bb2
c5 9. Ne5 Bb7 10. Qe2 Ne4 11. Nxd7 Qxd7 12. Nxe4 dxe4 13. Bc4 Bf6 14. Rad1 Qe7
15. Ba3 Rfd8 16. dxc5 bxc5 17. Ba6 Bxa6 18. Rxd8+ Rxd8 19. Qxa6 Qc7 20. Qc4 Be7
21. Qxe4 Qa5 22. Bb2 Qxa2 23. Bc3 Qa6 24. g3 Qd6 25. Ra1 Qd7 26. h4 Re8 27. Kh2
h6 28. Ra6 Rd8 29. Qg4 Bf8 30. Ra4 Rc8 31. Qh5 c4 32. Bd4 Rc7 33. Ra6 cxb3 34.
cxb3 Qc8 35. Qb5 Qa8 36. Qe5 Qf3 37. Qf4 Qxf4 38. gxf4 Rc2 39. Kg3 Bb4 40. Rxa7
Be1 41. e4 Rd2 42. Be3 Rb2 43. Rb7 Bd2 44. Rb8+ Kh7 45. Rb7 Kg8 46. Bc5 Rc2 47.
Bd4 Be1 48. Kf3 Bd2 49. Be5 Be1 50. Bd4 Bd2 51. Ra7 Be1 52. Ra1 Bb4 53. Rb1 Bd2
54. Rb2 Rxb2 55. Bxb2 Kf8 56. Kg4 f6 57. Bd4 Bb4 58. f5 e5 59. Be3 Ke8 60. f4
exf4 61. Bxf4 Ke7 62. Bg3 Bc3 63. Kf3 Kd7 64. Ke3 Kc6 65. Kd3 Bb4 66. Kc4 Bd2
67. b4 Be3 68. b5+ Kb6 69. Bd6 h5 70. Bf8 Bf2 71. Bxg7 Bxh4 72. e5 fxe5 73.
Bxe5 Be7 74. f6 Bf8 75. Bg3 Bh6 76. f7 Bf8 77. Bh4 Kc7 78. Bf2 Bg7 79. Kd5 Kb7
80. Ke4 h4 81. Bxh4 Kb6 82. Be7 Kxb5 83. Kf5 1-0

[Event "DEM U14 2013"]
[Site "Oberhof GER"]
[Date "2013.05.19"]
[Round "1"]
[White "Scheinhütte, Jakob"]
[Black "Greßmann, Moritz"]
[Result "1-0"]
[Termination "normal"]
[Board "10"]
[WhiteElo "1722"]
[BlackElo "1883"]
[PlyCount "58"]
[WhiteFideId "24693944"]
[BlackFideId "24695084"]
[EventCountry "GER"]
[EventRounds "9"]
[EventType "swiss"]
[EventDate "2013.05.18"]

1. e4 d6 2. d4 Nf6 3. Bd3 g6 4. c4 Bg7 5. Ne2 O-O 6. Nbc3 c5 7. f3 cxd4 8. Nxd4
Nfd7 9. Nc2 Ne5 10. O-O Nbc6 11. Be2 Na5 12. Ne3 Be6 13. Ncd5 Rc8 14. Qa4 Bxd5
15. cxd5 Qb6 16. Kh1 Rxc1 17. Raxc1 Qxe3 18. Rce1 Qd2 19. f4 b6 20. fxe5 Bxe5
21. b4 Qh6 22. h3 Qh4 23. Qa3 Rc8 24. Qf3 Bf6 25. bxa5 Rc3 26. Qg4 Qh6 27. axb6
axb6 28. Qf4 g5 29. Qf2 Rxh3+ 1-0

[Event "DEM U14 2013"]
[Site "Oberhof GER"]
[Date "2013.05.19"]
[Round "1"]
[White "Schmidt, Tobias"]
[Black "Goderbauer, Benedikt"]
[Result "1-0"]
[Termination "normal"]
[Board "11"]
[WhiteElo "1924"]
[BlackElo "1738"]
[PlyCount "109"]
[WhiteFideId "1271683"]
[BlackFideId "12967467"]
[EventCountry "GER"]
[EventRounds "9"]
[EventType "swiss"]
[EventDate "2013.05.18"]

1. e4 c6 2. d4 d5 3. Nc3 dxe4 4. Nxe4 Nd7 5. Ng5 Ngf6 6. Bd3 e6 7. N1f3 h6 8.
Ne4 Nxe4 9. Bxe4 Nf6 10. Bd3 c5 11. c3 Be7 12. O-O O-O 13. dxc5 Bxc5 14. Ne5
Qd5 15. Qe2 b6 16. Rd1 Qb7 17. Bf4 Qe7 18. b4 Nd5 19. Bxh6 gxh6 20. bxc5 bxc5
21. Qg4+ Qg5 22. Qxg5+ hxg5 23. Be4 Bb7 24. Nd7 Rfc8 25. Nf6+ Kg7 26. Nxd5 exd5
27. Bxd5 Bxd5 28. Rxd5 Kf6 29. g3 Rc7 30. Re1 Rb8 31. Ree5 Rb1+ 32. Kg2 c4 33.
Rxg5 Rc1 34. Rdf5+ Ke6 35. Rf3 Ra1 36. Ra5 Kd6 37. Rf6+ Ke7 38. Rfa6 Rc1 39.
Rxa7 Rxa7 40. Rxa7+ Ke6 41. Ra3 Rc2 42. h4 Kf6 43. g4 Kg6 44. Kg3 f6 45. f3 Kh6
46. Kf4 Kg6 47. h5+ Kh6 48. Kf5 Kg7 49. Ra7+ Kg8 50. Kg6 Kf8 51. Kxf6 Kg8 52.
h6 Rd2 53. Re7 Rxa2 54. g5 Rf2 55. h7+ 1-0

[Event "DEM U14 2013"]
[Site "Oberhof GER"]
[Date "2013.05.19"]
[Round "1"]
[White "Berezhnoy, Alex"]
[Black "Flüchter, Gregor"]
[Result "1/2-1/2"]
[Termination "normal"]
[Board "12"]
[WhiteElo "1719"]
[BlackElo "2002"]
[PlyCount "51"]
[WhiteFideId "12918997"]
[BlackFideId "12903396"]
[EventCountry "GER"]
[EventRounds "9"]
[EventType "swiss"]
[EventDate "2013.05.18"]

1. e4 c5 2. Nf3 d6 3. d4 cxd4 4. Nxd4 Nf6 5. Nc3 a6 6. f3 e5 7. Nb3 Be6 8. Be3
Be7 9. Qd2 O-O 10. O-O-O Nbd7 11. g4 b5 12. Qf2 b4 13. Nd5 Bxd5 14. exd5 Rb8
15. g5 Ne8 16. h4 a5 17. Nd2 a4 18. Bd3 Nc7 19. Be4 Nb5 20. Nb1 Qa5 21. Rd3
Rfc8 22. Rd2 Nc5 23. Bxc5 Rxc5 24. Rh2 Bd8 25. f4 Bb6 26. Qf3 1/2-1/2

[Event "DEM U14 2013"]
[Site "Oberhof GER"]
[Date "2013.05.19"]
[Round "1"]
[White "Urban, Konstantin"]
[Black "Hartge, Gedeon"]
[Result "0-1"]
[Termination "normal"]
[Board "13"]
[WhiteElo "1819"]
[BlackElo "1781"]
[PlyCount "110"]
[WhiteFideId "12927511"]
[BlackFideId "12932116"]
[EventCountry "GER"]
[EventRounds "9"]
[EventType "swiss"]
[EventDate "2013.05.18"]

1. e4 c5 2. Nf3 e6 3. d4 cxd4 4. Nxd4 Nf6 5. Nc3 Bb4 6. Bd3 Nc6 7. Nxc6 bxc6 8.
e5 Nd5 9. Qg4 Kf8 10. O-O h5 11. Qe4 Be7 12. Nxd5 cxd5 13. Qf3 Kg8 14. Qe2 Bb7
15. Be3 h4 16. h3 d6 17. f4 dxe5 18. fxe5 d4 19. Qf2 f5 20. Bc4 dxe3 21. Bxe6+
Kh7 22. Bxf5+ Kh6 23. Qxe3+ Bg5 24. Qe2 Qd4+ 25. Kh1 Qe3 26. Qb5 Rab8 27. Qd7
Qxe5 28. Rae1 Qd5 29. Qxd5 Bxd5 30. b3 Rhe8 31. Rd1 Rbd8 32. c4 Bb7 33. Bg4
Rxd1 34. Rxd1 Bf4 35. b4 Re4 36. Bf3 Re7 37. Bg4 Bg3 38. b5 Re1+ 39. Rxe1 Bxe1
40. c5 Bd5 41. c6 Ba5 42. Kg1 Bb6+ 43. Kf1 Bxa2 44. Be2 Kg5 45. Ke1 Bd5 46. Bf1
Kf4 47. Kd2 Kg3 48. Kd3 Bxg2 49. Bxg2 Kxg2 50. Kc4 Kxh3 51. Kd5 Kg3 52. Kd6 h3
53. c7 Bxc7+ 54. Kxc7 h2 55. Kb7 h1=Q+ 0-1

[Event "DEM U14 2013"]
[Site "Oberhof GER"]
[Date "2013.05.19"]
[Round "1"]
[White "Lai Hop, Long"]
[Black "Ovsepyan, Arshak"]
[Result "0-1"]
[Termination "normal"]
[Board "14"]
[WhiteElo "1659"]
[BlackElo "1997"]
[PlyCount "106"]
[WhiteFideId "12942707"]
[BlackFideId "24690236"]
[EventCountry "GER"]
[EventRounds "9"]
[EventType "swiss"]
[EventDate "2013.05.18"]

1. e4 e6 2. d4 d5 3. exd5 exd5 4. Bd3 Nc6 5. c3 Bd6 6. Ne2 Nge7 7. Bf4 Bg4 8.
Bxd6 Qxd6 9. O-O O-O-O 10. f3 Bf5 11. b4 Bxd3 12. Qxd3 Ng6 13. Nd2 Rde8 14. Nb3
Qe6 15. Rfe1 Nd8 16. Nc5 Qf6 17. a4 Re7 18. Ng3 Rhe8 19. Rxe7 Qxe7 20. Qf5+ Kb8
21. Qd3 Nf4 22. Qd2 Qe3+ 23. Qxe3 Rxe3 24. Rc1 g6 25. Kf2 Re7 26. Rd1 Nde6 27.
Nxe6 Rxe6 28. Rd2 Rc6 29. Ne2 Nxe2 30. Rxe2 a5 31. Re7 Rxc3 32. bxa5 Rc2+ 33.
Kf1 Rd2 34. Rxf7 Rxd4 35. Rxh7 Rxa4 36. Rg7 Rxa5 37. Rxg6 b5 38. Rc6 b4 39. Rc2
d4 40. h4 b3 41. Rd2 Ra1+ 42. Ke2 Ra2 43. Kd3 b2 44. Rxb2+ Rxb2 45. g4 Kc8 46.
Kxd4 Kd7 47. h5 Ke6 48. f4 Kf6 49. Ke4 Rb4+ 50. Ke3 c5 51. h6 Kg6 52. g5 c4 53.
Kd4 c3+ 0-1

[Event "DEM U14 2013"]
[Site "Oberhof GER"]
[Date "2013.05.19"]
[Round "1"]
[White "Lagunow, Raphael"]
[Black "Schmidt, Daniel"]
[Result "0-1"]
[Termination "normal"]
[Board "15"]
[WhiteElo "1940"]
[BlackElo "1731"]
[PlyCount "44"]
[WhiteFideId "24652644"]
[BlackFideId "12931349"]
[EventCountry "GER"]
[EventRounds "9"]
[EventType "swiss"]
[EventDate "2013.05.18"]

1. e4 e5 2. Nf3 Nc6 3. Bc4 Nf6 4. Ng5 Bc5 5. Nxf7 Bxf2+ 6. Kf1 Qe7 7. Nxh8 d5
8. exd5 Nd4 9. d6 cxd6 10. c3 Bg4 11. Qa4+ Nd7 12. Kxf2 Qh4+ 13. Kf1 Qf6+ 14.
Ke1 Qh4+ 15. g3 Nf3+ 16. Kf2 Qf6 17. Bf7+ Ke7 18. Kg2 Nh4+ 19. Kg1 Qf3 20. Bd5
Qxd5 21. gxh4 Qf3 22. h3 Qg3+ 0-1

[Event "DEM U14 2013"]
[Site "Oberhof GER"]
[Date "2013.05.19"]
[Round "1"]
[White "Killgus, Leonard"]
[Black "Gretz, Denis"]
[Result "0-1"]
[Termination "normal"]
[Board "16"]
[WhiteElo "1662"]
[BlackElo "1912"]
[PlyCount "64"]
[WhiteFideId "12922021"]
[BlackFideId "12945188"]
[EventCountry "GER"]
[EventRounds "9"]
[EventType "swiss"]
[EventDate "2013.05.18"]

1. e4 c5 2. Nf3 d6 3. d4 cxd4 4. Nxd4 Nf6 5. Nc3 a6 6. Be3 e5 7. Nf3 Be6 8. Ng5
Qc7 9. Nxe6 fxe6 10. Be2 Be7 11. O-O O-O 12. Bf3 Nc6 13. Qd2 b5 14. a3 Na5 15.
b3 Rfd8 16. Rfd1 Rac8 17. Na2 d5 18. Qe2 dxe4 19. Bxe4 Nxe4 20. Bb6 Qxb6 21.
Qxe4 Rxd1+ 22. Rxd1 Rd8 23. Rf1 Qd4 24. Qe1 Nc6 25. Nc1 e4 26. c3 Qd5 27. Qe2
Ne5 28. b4 Nd3 29. g3 Bg5 30. Nxd3 exd3 31. Qg4 d2 32. Rd1 Rf8 0-1

[Event "DEM U14 2013"]
[Site "Oberhof GER"]
[Date "2013.05.19"]
[Round "1"]
[White "Bergauz, Noam"]
[Black "Gröbel, Aaron"]
[Result "1-0"]
[Termination "normal"]
[Board "17"]
[WhiteElo "1900"]
[BlackElo "1720"]
[PlyCount "77"]
[WhiteFideId "12938033"]
[BlackFideId "12914851"]
[EventCountry "GER"]
[EventRounds "9"]
[EventType "swiss"]
[EventDate "2013.05.18"]

1. e4 e5 2. Nf3 Nc6 3. d4 exd4 4. Bc4 Bc5 5. c3 Nf6 6. e5 Ng4 7. cxd4 Bb4+ 8.
Nc3 d5 9. Bd3 Bxc3+ 10. bxc3 f6 11. O-O O-O 12. Qc2 fxe5 13. Bxh7+ Kh8 14. Bg5
Qd6 15. dxe5 Ncxe5 16. Nxe5 Qxe5 17. f4 Qd6 18. Rae1 Qb6+ 19. Kh1 Ne3 20. Qf2
Kxh7 21. Rxe3 Bf5 22. Rfe1 Be4 23. c4 c6 24. Be7 Rf5 25. Qh4+ Kg8 26. Qg4 Re8
27. Bd6 Re6 28. c5 Qb2 29. Be5 Rfxe5 30. fxe5 Rg6 31. Qc8+ Kh7 32. Rh3+ Rh6 33.
Rxh6+ Kxh6 34. Qh3+ Kg6 35. Qg3+ Kh7 36. h3 Qxa2 37. e6 Kg8 38. e7 Kf7 39. Rf1+
1-0

[Event "DEM U14 2013"]
[Site "Oberhof GER"]
[Date "2013.05.19"]
[Round "1"]
[White "Ronge, Tim"]
[Black "Herzum, Peter"]
[Result "0-1"]
[Termination "normal"]
[Board "18"]
[WhiteElo "1604"]
[BlackElo "1882"]
[PlyCount "62"]
[WhiteFideId "12955418"]
[BlackFideId "12919217"]
[EventCountry "GER"]
[EventRounds "9"]
[EventType "swiss"]
[EventDate "2013.05.18"]

1. d4 Nf6 2. Nf3 g6 3. c4 c5 4. Nc3 cxd4 5. Nxd4 Bg7 6. g3 Nc6 7. Ndb5 a6 8.
Na3 O-O 9. Bg2 d6 10. O-O Bd7 11. e4 Qc7 12. Nd5 Nxd5 13. cxd5 Na5 14. Rb1 b5
15. b4 Nc4 16. Nxc4 bxc4 17. Qc2 Rfc8 18. Bb2 c3 19. Ba1 Bb5 20. Rfc1 Qd7 21.
Bf1 Ba4 22. Qe2 c2 23. Rb2 Bxb2 24. Bxb2 Bb5 25. Qd2 Bxf1 26. Qh6 f6 27. Rxf1
Rab8 28. a3 a5 29. Qd2 axb4 30. axb4 Qb5 31. Rc1 Qc4 0-1

[Event "DEM U14 2013"]
[Site "Oberhof GER"]
[Date "2013.05.19"]
[Round "1"]
[White "Riehle, Marco"]
[Black "Cegielka, Michael"]
[Result "1-0"]
[Termination "normal"]
[Board "19"]
[WhiteElo "1876"]
[BlackElo "1597"]
[PlyCount "47"]
[WhiteFideId "12904392"]
[BlackFideId "1270507"]
[EventCountry "GER"]
[EventRounds "9"]
[EventType "swiss"]
[EventDate "2013.05.18"]

1. e4 c5 2. Nc3 Nc6 3. f4 d6 4. Bc4 Nf6 5. Nf3 Bg4 6. h3 Bxf3 7. Qxf3 Nd4 8.
Qd1 e6 9. d3 a6 10. O-O g6 11. Be3 b5 12. Bxd4 cxd4 13. Nxb5 axb5 14. Bxb5+ Nd7
15. f5 Qg5 16. Rf2 Bh6 17. Qf3 gxf5 18. exf5 Ke7 19. Re1 Qf6 20. Qb7 Rad8 21.
fxe6 Be3 22. Rxe3 dxe3 23. Rxf6 Kxf6 24. exd7 1-0

[Event "DEM U14 2013"]
[Site "Oberhof GER"]
[Date "2013.05.19"]
[Round "1"]
[White "Karsay, Pascal"]
[Black "Höglauer, Patrick"]
[Result "0-1"]
[Termination "normal"]
[Board "20"]
[WhiteElo "1693"]
[BlackElo "1928"]
[PlyCount "100"]
[WhiteFideId "12953474"]
[BlackFideId "1270548"]
[EventCountry "GER"]
[EventRounds "9"]
[EventType "swiss"]
[EventDate "2013.05.18"]

1. d4 Nf6 2. c4 c5 3. d5 b5 4. cxb5 a6 5. bxa6 g6 6. Nc3 Bxa6 7. g3 d6 8. Bg2
Bg7 9. Nf3 Nbd7 10. O-O Nb6 11. Qc2 Nfxd5 12. Nxd5 Nxd5 13. a3 Nb6 14. Rd1 O-O
15. e4 Qc7 16. Rb1 Bb5 17. Be3 Nc4 18. Qc1 Nxe3 19. Qxe3 Rfb8 20. Rdc1 Ba4 21.
b3 Bd7 22. a4 Ra6 23. Bf1 Rab6 24. a5 Rb4 25. a6 Bb5 26. e5 Bxf1 27. Kxf1 Qb6
28. Kg2 Qxa6 29. Ra1 Qb6 30. Rab1 Rxb3 31. Rxb3 Qxb3 32. Qe4 d5 33. Qc2 Qxc2
34. Rxc2 c4 35. Kf1 e6 36. Ke2 Rb3 37. Nd2 Ra3 38. f4 f6 39. Nf3 fxe5 40. Nxe5
Bxe5 41. fxe5 g5 42. g4 Rh3 43. Kd1 Re3 44. Re2 Rxe2 45. Kxe2 d4 46. Kd2 Kf7
47. h3 Ke7 48. Kc2 Kd7 49. Kd2 Kc6 50. Kc2 Kd5 0-1

[Event "DEM U14 2013"]
[Site "Oberhof GER"]
[Date "2013.05.19"]
[Round "1"]
[White "Ehmann, Thilo"]
[Black "Tiarks, Jann-Christian"]
[Result "1-0"]
[Termination "normal"]
[Board "21"]
[WhiteElo "1878"]
[BlackElo "1535"]
[PlyCount "79"]
[WhiteFideId "12940968"]
[BlackFideId "12951595"]
[EventCountry "GER"]
[EventRounds "9"]
[EventType "swiss"]
[EventDate "2013.05.18"]

1. e4 e6 2. d4 d5 3. Nd2 dxe4 4. Nxe4 Nd7 5. Nf3 Ngf6 6. Bd3 Nxe4 7. Bxe4 Nf6
8. Bd3 Be7 9. Qe2 c6 10. Bg5 Qa5+ 11. c3 Nd5 12. Bd2 Qb6 13. b4 Bd7 14. Ne5 a5
15. Nc4 Qc7 16. Nxa5 Nf4 17. Bxf4 Qxf4 18. Nxb7 Ra3 19. Qb2 Ra7 20. Nc5 O-O 21.
O-O Bxc5 22. dxc5 Rfa8 23. Qc2 h6 24. a4 e5 25. Rfe1 Qg5 26. a5 Bh3 27. Be4 Rc7
28. Kh1 Be6 29. b5 Bd5 30. b6 Rd7 31. Bxd5 Rxd5 32. b7 Rb8 33. a6 Qe7 34. a7
Qxb7 35. axb8=Q+ Qxb8 36. Reb1 Qd8 37. h3 g6 38. Rb7 Rd2 39. Qb3 Rxf2 40. Rb8
1-0

[Event "DEM U14 2013"]
[Site "Oberhof GER"]
[Date "2013.05.19"]
[Round "1"]
[White "Venukumar, Danny"]
[Black "Kololli, Kevin"]
[Result "0-1"]
[Termination "normal"]
[Board "22"]
[WhiteElo "1470"]
[BlackElo "1827"]
[PlyCount "80"]
[WhiteFideId "12939811"]
[BlackFideId "12936863"]
[EventCountry "GER"]
[EventRounds "9"]
[EventType "swiss"]
[EventDate "2013.05.18"]

1. Nf3 c5 2. b3 Nc6 3. e3 Nf6 4. Bb2 d5 5. Bb5 e6 6. Ne5 Qc7 7. Bxc6+ bxc6 8.
O-O Bd6 9. f4 Ba6 10. d3 O-O-O 11. Nd2 Ne8 12. Qg4 f6 13. Qxe6+ Kb8 14. Nf7 Bc8
15. Nxd8 Bxe6 16. Nxe6 Qe7 17. f5 Nc7 18. Nxc7 Qxe3+ 19. Rf2 Bxc7 20. Nf3 Qe7
21. Re1 Qd7 22. Re6 Re8 23. Rfe2 Rxe6 24. fxe6 Qe7 25. d4 Bd6 26. dxc5 Bxc5+
27. Bd4 Kc8 28. Kh1 Kd8 29. Bxc5 Qxc5 30. e7+ Ke8 31. h3 g5 32. h4 g4 33. Ne1
Qd6 34. Nd3 Qg3 35. Kg1 Qxh4 36. Ne1 f5 37. Re3 f4 38. Re2 h5 39. Re5 f3 40.
Nd3 Qg3 0-1